000 00270nam a2200109Ia 4500
008 220216s9999 xx 000 0 und d
100 _aVenugopal P.
245 0 _aClimate change can diminish rubber output
260 _bRubber Asia
_c2010
300 _a59-60
942 _cJS
999 _c55653
_d55653